| 000 | 00564nam a2200193 i 4500 | ||
|---|---|---|---|
| 001 | 50638 | ||
| 003 | ES-MaACL | ||
| 005 | 20230906162219.0 | ||
| 007 | t| | ||
| 008 | 030805s1972 sp ||||1| spa d | ||
| 100 | 1 |
_aChagneau, Francois. _937786 |
|
| 245 | 1 | 0 |
_aQuédate, Dios / _cFrancois Chagneau ; [tradujo Joaquín G. Carrasco]. |
| 260 |
_aMadrid : _bSígueme, _c1972. |
||
| 490 | 1 |
_aTemas vivos ; _v18 |
|
| 700 | 1 |
_aCarrasco, Joaquín G. _935529 |
|
| 830 | 0 |
_aTemas vivos ; _v18 _9181137 |
|
| 852 |
_aES-MaACL _jC-50151 _bR.83014 |
||
| 999 |
_c50638 _d50638 |
||